01360cam a2200265 a 4500003000400000005001700004008004100021020002500062040008500087050002000172055002300192060002300215082001900238100002400257245005000281250001100331260004500342300009900387504005000486505023500536650003300771650002200804776013400826776013400960OSt20180816163253.0981030m19989999oncaf b 001 0 eng  a9781550090482 (v. 2) aDLCbengcDLCdNLMdUKMdOCLCQdBAKERdYDXCPdCGUdVXDdNLGGCdNLCdTULIBdOCLCF00aRK54b.G64 199800aRK54bG65 1998 fol00aWU 100bG624e 199800a617.6221bGRE1 aGoldstein, Ronald E10aEsthetics in dentistry /cRonald E. Goldstein a2nd ed aHamilton, Ont. :bB.C. Decker,c<1998- > av. <1-2>, [13] leaves of plates :bcol. ill. ;c29 cm. +e2 computer optical discs (4 3/4 in.) aIncludes bibliographical references and index0 av. 1. Principles, communications, treatment methods -- v. 2. Individual teeth, missing teeth, malocclusion, facial appearance -- v. 3. Supporting structures, emergencies, treatment failures, special populations, technical problems 0aDentistryxAesthetic aspects12aEsthetics, Dental08iOnline version:aGoldstein, Ronald E.tEsthetics in dentistry.b2nd ed.dHamilton, Ont. : B.C. Decker, <1998- >w(OCoLC)60592662008iOnline version:aGoldstein, Ronald E.tEsthetics in dentistry.b2nd ed.dHamilton, Ont. : B.C. Decker, <1998- >w(OCoLC)607004384